Giáo trình vật liệu kim loại; T2

Na minha lista:
Detalhes bibliográficos
Autor principal: Nguyễn, Khắc Xương
Formato: Livro
Idioma:Undetermined
Publicado em: Hà Nội Trường Đại học Bách khoa Hà Nội 1992
Assuntos:
Tags: Adicionar Tag
Sem tags, seja o primeiro a adicionar uma tag!
Thư viện lưu trữ: Trung tâm Học liệu Trường Đại học Cần Thơ
LEADER 00608nam a2200181Ia 4500
001 CTU_35429
008 210402s9999 xx 000 0 und d
082 |a 669.95 
082 |b S111/T.2 
100 |a Nguyễn, Khắc Xương 
245 0 |a Giáo trình vật liệu kim loại; T2 
245 0 |c Nguyễn Khắc Xương, Nguyễn Văn Thái 
260 |a Hà Nội 
260 |b Trường Đại học Bách khoa Hà Nội 
260 |c 1992 
650 |a metallurgy 
904 |i Nguyễn Quang Điền, 000229 
980 |a Trung tâm Học liệu Trường Đại học Cần Thơ